=LDR 00000nam 2200000 4500 =001 000509 =005 20250710103437 =035 ##$$a 0010-0725000371 =007 ta =008 250710################a##########0#ind## =020 ##$$a 978-623-472-153-9 =082 ##$$a 398.209 598 =084 ##$$a 398.209 598 LAW t =100 #$$a Lawrence, Mirna =245 1#$$a Telur /$c Mirna Lawrence =250 ##$$a cetakan pertama =260 ##$$a Jakarta :$b badan pengembangan dan pembinaan bahasa,$c 2022 =300 ##$$a 24 hlm. : $b ilus. ; $c 22,9 cm$e 398.209 598 =650 #4$$a Cerita Anak Indonesia =856 ##$$a TBM As Suhada =990 ##$$a TBM02630263